Ryan Gosling - All Movies - Statistics

General Stats
  • This quiz has been taken 79 times
  • The average score is 10 of 28
Answer Stats
Year Movie % Correct
2023 Barbie
94%
2016 La La Land
83%
2011 Drive
82%
2024 The Fall Guy
72%
2004 The Notebook
71%
2011 Crazy, Stupid, Love.
58%
2016 The Nice Guys
58%
2017 Blade Runner 2049
55%
2012 The Place Beyond the Pines
40%
2023 The Gray Man
38%
2010 Blue Valentine
37%
2008 Lars and the Real Girl
35%
2018 First Man
29%
2013 Only God Forgives
28%
2000 Remember the Titans
28%
2006 Half Nelson
25%
2015 The Big Short
25%
2013 Gangster Squad
22%
2001 The Believer
18%
2002 Murder by Numbers
17%
2005 Stay
17%
2011 The Ides of March
15%
2017 Song to Song
12%
2010 All Good Things
11%
2007 Fracture
11%
2003 The United States of Leland
11%
2002 The Slaughter Rule
8%
1996 Frankenstein and Me
5%
No matching quizzes found
Score Distribution
Percent of People with Each Score
Percentile by Number Answered
Your Score History
You have not taken this quiz